[Event "Primorsko Dyuni op 1st"]
[Site "Primorsko"]
[Date "2016.05.21"]
[Round "1"]
[White "Dimitrov, Martin Il"]
[Black "Kartalov, Kiril"]
[Result "1-0"]
[WhiteElo "1334"]
[BlackElo "1674"]
[PlyCount "71"]
[EventDate "2016.05.21"]
[EventType "swiss"]
[EventRounds "7"]
[EventCountry "BUL"]
[SourceTitle "CBM 172 Extra"]
[Source "ChessBase"]
[SourceDate "2016.06.21"]
[SourceVersion "1"]
[SourceVersionDate "2016.06.21"]
[SourceQuality "1"]

1. e4 d5 2. exd5 Qxd5 3. Nc3 Qa5 4. Nf3 Nf6 5. d4 c6 6. Bd2 Qc7 7. Bc4 e6 8. 0-0 Bd6 9. Re1 Kf8 10. g3 Nbd7 11. Ng5 h6 12. Nf3 Nb6 13. Bb3 a5 14. a3 Bd7 15. Qc1 Be8 16. Ne2 Nbd7 17. Bf4 Nh5 18. Bxd6+ Qxd6 19. Nc3 Ndf6 20. Na4 Nd7 21. Nc3 Rb8 22. Ne4 Qc7 23. c4 Nhf6 24. c5 Nxe4 25. Rxe4 Nf6 26. Re2 Rd8 27. Qc3 Bd7 28. Rd1 Bc8 29. Rdd2 Ne4 30. Qc2 Nxd2 31. Rxd2 b5 32. cxb6 Qxb6 33. Ne5 Bb7 34. Nxf7 Kxf7 35. Qf5+ Kg8 36. Bxe6# 1-0